000 00556nam a2200181Ia 4500
008 240729s9999 xx 000 0 und d
022 _a2069-6094
245 0 _aRomanian Journal of Neurology
260 _aRomania
260 _bAmaltea Medical Publishing House
650 _a Internal medicine
650 _a Neurology. Diseases of the nervous system
650 _a Neurosciences. Biological psychiatry. Neuropsychiatry
650 _aMedicine
856 _uhttps://doaj.org/toc/77250c6b6c5744d19e0c443765f2ede8
942 _2ddc
942 _cDOAJEJ
999 _c67075
_d67075
945 _a1
_bMadushi Gamage
_c1
_dMadushi Gamage